00157nam a2200061Ia 4500008004100000100002000041245003400061120527s9999 xx 000 0 und d aLarson , et al  aPrecalculus: a concise course